All train stations in Cheshire - Statistics

General Stats
  • This quiz has been taken 68 times
    63 since last reset
  • The average score is 29 of 54
Answer Stats
Group Answer % Correct
West Coast main line Crewe
94%
Mid-Cheshire line Chester
91%
Crewe-Liverpool line Runcorn
89%
Mid-Cheshire line Northwich
83%
Styal line Styal
83%
Chester-Warrington line Helsby
74%
Stafford-Manchester line Macclesfield
74%
Liverpool-Manchester lines Warrington Central
71%
Wirral line Ellesmere Port
69%
Mid-Cheshire line Knutsford
69%
Welsh Marches line Nantwich
69%
Crewe-Manchester line Wilmslow
69%
Mid-Cheshire line Delamere
66%
Chester-Warrington line Frodsham
66%
Wirral line Hootton
66%
Crewe-Manchester line Sandbach
66%
West Coast main line Warrington Bank Quay
66%
Liverpool-Manchester lines Widnes
66%
West Coast main line Winsford
63%
Crewe-Manchester line Alderley Edge
60%
Crewe-Derby line Alsager
60%
Stafford-Manchester line Congleton
60%
West Coast main line Hartford
57%
Liverpool-Manchester lines Warrington West
57%
Mid-Cheshire line Mobberley
54%
West Coast main line Acton Bridge
51%
Mid-Cheshire line Cuddington
51%
Stafford-Manchester line Poynton
51%
Chester-Warrington line Runcorn East
51%
Wirral line Bache
49%
Crewe-Manchester line Handforth
49%
Crewe-Manchester line Holmes Chapel
49%
Stafford-Manchester line Adlington
46%
Crewe-Manchester line Chelford
46%
Mid-Cheshire line Lostock Gralam
46%
Borderlands line Neston
46%
Mid-Cheshire line Plumley
46%
Stafford-Manchester line Prestbury
46%
Wirral line Capenhurst
43%
Crewe-Manchester line Goostrey
43%
Mid-Cheshire line Greenbank
43%
Buxton line Disley
40%
Mid-Cheshire line Ashley
37%
Liverpool-Manchester lines Birchwood
37%
Hooton-Helsby line Ince & Elton
37%
Wirral line Overpool
34%
Hooton-Helsby line Stanlow & Thornton
34%
Mid-Cheshire line Mouldsworth
31%
Liverpool-Manchester lines Sankey for Penketh
31%
Welsh Marches line Wrenbury
31%
Liverpool-Manchester lines Hough Green
29%
Liverpool-Manchester lines Glazebrook
26%
Wirral line Little Sutton
26%
Liverpool-Manchester lines Padgate
26%
No matching quizzes found
Score Distribution
Percent of People with Each Score
Percentile by Number Answered
Your Score History
You have not taken this quiz since the last reset